000 00434nam a2200169 i 4500
001 bg
100 1 _aCZACHOROWSKI, Józef
245 0 _aMetodyka sterowania procesem inwestycyjno-budowlanym /
_cJózef Czachorowski.
260 _aZielona Góra,
_c1985.
490 1 _aMonografia
830 _aMonografia
040 _cBPK
041 _apol
080 _a69.003:338.22
942 _cKS
008 s pl f |000 0 pol
999 _c28306
_d28306
856 _uhttp://koha.tu.koszalin.pl/cgi-bin/koha/opac-detail.pl?biblionumber=28306
_yKatalog online BPK